000 00710nam a2200289Ia 4500
005 20260324134518.0
008 008 260324s9999 xx 000 0 eng d
020 _a9780203402382
037 _aEBOOK
040 _aCRL
040 _beng
040 _cCRL
041 _2eng
041 _aeng
084 _qCRL
100 _aIppei Yamazawa
_9649292
245 0 _aAsia Pacific Economic Cooperation (APEC)
245 0 _bChallenges and Tasks for the Twenty First Century
260 _bTaylor and Francis
260 _c2001
365 _a
365 _b65.99
856 _uhttp://www.taylorfrancis.com/books/9780203402382
942 _cEBOOK
999 _c1797279
_d1797279